[Event "Russian Championship B11 1st league 2016"]
[Site "Loo"]
[Date "2016.04.26"]
[Round "7.4"]
[White "Ivanov, Artem"]
[Black "Shemakhanov, Danila"]
[Result "1-0"]
[WhiteElo "1577"]
[BlackElo "1454"]
[PlyCount "99"]
[EventDate "2016.04.20"]

1. e4 e6 2. d4 d5 3. Nc3 Nf6 4. e5 Nfd7 5. f4 c5 6. Nf3 Nc6 7. Be3 cxd4 8. Nxd4
Bc5 9. Qd2 O-O 10. O-O-O Bxd4 11. Bxd4 Nxd4 12. Qxd4 Qb6 13. Qd2 a6 14. g4 Rd8
15. h4 Nc5 16. g5 Bd7 17. Bd3 Nxd3+ 18. Qxd3 Bb5 19. Qg3 d4 20. Ne4 Kh8 21. Nd6
Rxd6 22. exd6 Qxd6 23. Qf2 d3 24. a4 Bc4 25. c3 Qd7 26. a5 Qa4 27. Kd2 Rd8 28.
Rc1 Qa2 29. Qb6 Rf8 30. Ra1 Qb3 31. Qxb3 Bxb3 32. Kxd3 Rd8+ 33. Ke3 Bd5 34.
Rhd1 Rc8 35. Rd4 g6 36. Rc1 Rc4 37. Rxc4 Bxc4 38. Kd4 Bd5 39. c4 Bc6 40. Kc5
Kg7 41. b4 f6 42. b5 axb5 43. cxb5 Bd5 44. Rd1 fxg5 45. fxg5 h6 46. Rxd5 exd5
47. Kxd5 hxg5 48. hxg5 Kf7 49. a6 bxa6 50. bxa6 1-0

[Event "Russian Championship B11 1st league 2016"]
[Site "Loo"]
[Date "2016.04.26"]
[Round "7.7"]
[White "Tretyakov, Vladimir"]
[Black "Prutskov, Aleksei"]
[Result "1-0"]
[WhiteElo "1809"]
[BlackElo "1540"]
[PlyCount "89"]
[EventDate "2016.04.20"]

1. e4 c5 2. Nf3 d6 3. d4 cxd4 4. Nxd4 Nf6 5. Nc3 a6 6. f3 b5 7. a3 Bb7 8. Be3
Nbd7 9. Be2 e6 10. O-O Be7 11. Qd2 O-O 12. Nb3 d5 13. exd5 Nxd5 14. Nxd5 Bxd5
15. Rac1 Bf6 16. Bd4 Bxb3 17. cxb3 Nb6 18. Rfd1 e5 19. Be3 Qxd2 20. Rxd2 Rab8
21. Rc6 Bd8 22. Kf2 f6 23. Ke1 Kf7 24. Rdd6 Be7 25. Rxb6 Bxd6 26. Rxd6 Ra8 27.
Bd3 Rfd8 28. Rxd8 Rxd8 29. Be4 Rd6 30. Bc5 Rd7 31. Ke2 g6 32. Bd3 f5 33. a4
bxa4 34. bxa4 Rb7 35. b4 Ke6 36. Bxa6 Rb8 37. a5 Kd5 38. Bd3 e4 39. fxe4+ fxe4
40. Bc2 h5 41. Ke3 Re8 42. a6 Kc4 43. a7 Kb5 44. Bxe4 g5 45. a8=Q 1-0

[Event "Russian Championship B11 1st league 2016"]
[Site "Loo"]
[Date "2016.04.26"]
[Round "7.8"]
[White "Ionochkin, Maksim"]
[Black "Broderzon, Alexander"]
[Result "1-0"]
[WhiteElo "1761"]
[BlackElo "1497"]
[PlyCount "33"]
[EventDate "2016.04.20"]

1. d4 d5 2. c4 c6 3. cxd5 cxd5 4. Nc3 Nc6 5. Bf4 Nf6 6. e3 a6 7. Bd3 Bg4 8. Qb3
Na5 9. Qa4+ Bd7 10. Qc2 Rc8 11. Nf3 h6 12. Ne5 e6 13. Bg6 Qb6 14. Nxf7 Rh7 15.
Nd6+ Kd8 16. Nxc8 Bxc8 17. Bxh7 1-0

[Event "Russian Championship B11 1st league 2016"]
[Site "Loo"]
[Date "2016.04.26"]
[Round "7.9"]
[White "Kucherov0, Matvey"]
[Black "Kuzmin, Roman"]
[Result "0-1"]
[WhiteElo "1496"]
[BlackElo "1756"]
[PlyCount "112"]
[EventDate "2016.04.20"]

1. e4 e5 2. Nf3 Nc6 3. d4 exd4 4. Nxd4 Nf6 5. Nc3 Bb4 6. Nxc6 bxc6 7. Bd3 h6 8.
Bd2 O-O 9. O-O d6 10. Ne2 Bc5 11. Bc3 Re8 12. Ng3 Ng4 13. h3 Ne5 14. Be2 Qh4
15. Bd4 Bxd4 16. Qxd4 c5 17. Qe3 Rb8 18. b3 Nc6 19. c3 Bd7 20. Rad1 f5 21. Bc4+
Kh8 22. f4 fxe4 23. Bd5 Ne7 24. Bf7 Rf8 25. Bc4 Nf5 26. Nxf5 Bxf5 27. Rfe1 Rbe8
28. Bd5 Bh7 29. Rf1 Bg8 30. f5 Re5 31. Bxg8 Kxg8 32. Rf4 Qh5 33. Rdf1 Rexf5 34.
Qxe4 Rxf4 35. Rxf4 Rxf4 36. Qxf4 Qd1+ 37. Kh2 Qd5 38. Qg4 Qe5+ 39. Kh1 d5 40.
Qc8+ Kh7 41. Qa6 Qe1+ 42. Kh2 Qxc3 43. Qxa7 Qe5+ 44. Kh1 d4 45. Qa6 Qe1+ 46.
Kh2 Qe4 47. Qc4 Qf5 48. g4 Qf2+ 49. Kh1 Qf3+ 50. Kh2 d3 51. Qc3 Qe2+ 52. Kg3 d2
53. Qxc5 Qd3+ 54. Kh2 Qd6+ 55. Qxd6 cxd6 56. b4 d1=Q 0-1

[Event "Russian Championship B11 1st league 2016"]
[Site "Loo"]
[Date "2016.04.26"]
[Round "7.10"]
[White "Petrovsky, Nikita"]
[Black "Pavlov, Mark"]
[Result "0-1"]
[WhiteElo "1486"]
[BlackElo "1624"]
[PlyCount "112"]
[EventDate "2016.04.20"]

1. e4 e6 2. d4 d5 3. Nd2 c5 4. exd5 exd5 5. Ngf3 Nf6 6. Bb5+ Bd7 7. Bxd7+ Nbxd7
8. O-O Be7 9. dxc5 Nxc5 10. Re1 O-O 11. Nb3 Nce4 12. Bf4 Re8 13. Nfd4 Qd7 14.
f3 Nd6 15. c3 Nc4 16. Qc2 Bd6 17. Bxd6 Qxd6 18. Nf5 Qf4 19. Nbd4 g6 20. Ng3 Nd7
21. b3 Ncb6 22. Rad1 Rac8 23. Nb5 a6 24. Rxe8+ Rxe8 25. Nd4 Rc8 26. Kf2 Nf6 27.
Nde2 Qc7 28. Qd3 Nfd7 29. Qd4 Nc5 30. Nf4 Ne6 31. Nxd5 Nxd5 32. Qxd5 Qxc3 33.
Ne4 Qc7 34. Qd7 Qb6+ 35. Kf1 Rd8 36. Rd6 Qe3 37. Qe7 Rxd6 38. Qxd6 Qc1+ 39. Kf2
Qc2+ 40. Qd2 Qxd2+ 41. Nxd2 Kf8 42. Ke3 Ke7 43. Nc4 b5 44. Ne5 f5 45. h4 Kd6
46. Nd3 Kd7 47. g4 fxg4 48. fxg4 Kd6 49. Ke4 Nc7 50. h5 Ke6 51. hxg6 hxg6 52.
g5 Nd5 53. Nc5+ Kd6 54. Kd4 Nb4 55. a4 Nc6+ 56. Kc3 Kxc5 0-1

[Event "Russian Championship B11 1st league 2016"]
[Site "Loo"]
[Date "2016.04.26"]
[Round "7.12"]
[White "Fridman, Roman A"]
[Black "Tetyuev, Stepan"]
[Result "1/2-1/2"]
[WhiteElo "1591"]
[BlackElo "1238"]
[PlyCount "96"]
[EventDate "2016.04.20"]

1. e4 c5 2. Nf3 d6 3. d4 cxd4 4. Nxd4 Nf6 5. Nc3 a6 6. Be2 e6 7. O-O Nbd7 8. f4
Be7 9. Be3 O-O 10. Kh1 Qc7 11. Qe1 b5 12. Bf3 Bb7 13. Qg3 b4 14. e5 Bxf3 15.
exf6 Bxf6 16. gxf3 bxc3 17. b3 e5 18. Nf5 Kh8 19. Rad1 Qa5 20. Rxd6 exf4 21.
Qxf4 g6 22. Rxd7 Qxf5 23. Qxf5 gxf5 24. Bd4 Bxd4 25. Rxd4 Rad8 26. Rfd1 Rxd4
27. Rxd4 Re8 28. Ra4 Re1+ 29. Kg2 Re2+ 30. Kg1 Rxc2 31. Rxa6 Rc1+ 32. Kg2 Ra1
33. Rc6 Rxa2+ 34. Kg3 Rc2 35. Kf4 Rxh2 36. Rxc3 Rh5 37. Ke5 Kg7 38. f4 f6+ 39.
Ke6 Rh2 40. Kxf5 Rf2 41. b4 h5 42. Rb3 h4 43. Kg4 h3 44. Kxh3 Rxf4 45. b5 Rc4
46. b6 Rc8 47. b7 Rb8 48. Kg4 Kf7 1/2-1/2

[Event "Russian Championship B11 1st league 2016"]
[Site "Loo"]
[Date "2016.04.26"]
[Round "7.13"]
[White "Yudin, Mikhail"]
[Black "Mochalov, Dmitriy"]
[Result "1/2-1/2"]
[WhiteElo "1469"]
[BlackElo "1558"]
[PlyCount "89"]
[EventDate "2016.04.20"]

1. e4 c5 2. Nf3 a6 3. c4 Nc6 4. d4 cxd4 5. Nxd4 Nf6 6. Nc3 e6 7. a3 Be7 8. Be2
O-O 9. O-O Qc7 10. Kh1 d6 11. Be3 Bd7 12. f4 Rfd8 13. f5 Ne5 14. Rc1 exf5 15.
Nd5 Nxd5 16. cxd5 Qb8 17. Nxf5 Bxf5 18. Rxf5 Rc8 19. Rf1 Rxc1 20. Qxc1 Qd8 21.
Qd2 Rc8 22. Rc1 Qd7 23. h3 f5 24. Rxc8+ Qxc8 25. exf5 Qxf5 26. Bf4 Qb1+ 27. Kh2
Bf6 28. g4 Nf7 29. Qe3 g5 30. Bxd6 Nxd6 31. Qe6+ Nf7 32. Qxf6 Qe4 33. Qf3 Qe5+
34. Kg2 Qxb2 35. Kg1 Qd4+ 36. Kh2 Ne5 37. Qf5 Qf4+ 38. Qxf4 gxf4 39. Kg2 Kf7
40. Bf3 b6 41. Be4 h6 42. h4 Kf6 43. Bf3 Nc4 44. Be2 Nxa3 45. Bxa6 1/2-1/2

[Event "Russian Championship B11 1st league 2016"]
[Site "Loo"]
[Date "2016.04.26"]
[Round "7.14"]
[White "Anikeev, Mark"]
[Black "Kulakov, Timofei"]
[Result "1-0"]
[WhiteElo "1707"]
[BlackElo "1463"]
[PlyCount "43"]
[EventDate "2016.04.20"]

1. d4 e6 2. Nf3 Nf6 3. e3 b6 4. Bd3 Bb7 5. O-O Be7 6. Nbd2 O-O 7. b3 d5 8. Bb2
Nbd7 9. Ne5 Nxe5 10. dxe5 Nd7 11. f4 c5 12. f5 exf5 13. Rxf5 Qc7 14. Qg4 g6 15.
Raf1 Qc6 16. Rh5 Bc8 17. Qg3 a6 18. Rh6 b5 19. c4 dxc4 20. Be4 Qe6 21. Bxa8 Nb6
22. Be4 1-0

[Event "Russian Championship B11 1st league 2016"]
[Site "Loo"]
[Date "2016.04.26"]
[Round "7.15"]
[White "Andreev, Aleksei"]
[Black "Yarikov, Artem"]
[Result "1-0"]
[WhiteElo "1629"]
[BlackElo "1417"]
[PlyCount "37"]
[EventDate "2016.04.20"]

1. e4 e5 2. Nf3 Nc6 3. Bc4 Bc5 4. b4 Bxb4 5. c3 Bc5 6. d4 exd4 7. O-O d6 8.
cxd4 Bb6 9. Bb2 f6 10. Qb3 Nh6 11. Bc3 Bg4 12. d5 Ne5 13. Nxe5 fxe5 14. Bb5+
Bd7 15. Be2 a6 16. Bd2 Qf6 17. Qg3 Qg6 18. Qh4 O-O 19. Bh5 {
запись неразбор~~ива} 1-0

[Event "Russian Championship B11 1st league 2016"]
[Site "Loo"]
[Date "2016.04.26"]
[Round "7.16"]
[White "Kuprin, Alexander"]
[Black "Dorofeev, Arseniy"]
[Result "1-0"]
[WhiteElo "1609"]
[BlackElo "1361"]
[PlyCount "87"]
[EventDate "2016.04.20"]

1. b3 c5 2. Bb2 Nc6 3. e3 d5 4. f4 Nf6 5. Nf3 a6 6. Be2 Bf5 7. O-O e6 8. h3 h5
9. d3 Rh6 10. Nbd2 Nh7 11. e4 dxe4 12. dxe4 Bg6 13. Re1 Be7 14. Bxg7 Bf6 15.
Bxh6 Bxa1 16. Qxa1 f6 17. f5 Bf7 18. fxe6 Bxe6 19. Nc4 Bxc4 20. Bxc4 Nb4 21.
Qb1 Qc7 22. c3 Nc6 23. e5 O-O-O 24. e6 b5 25. e7 Re8 26. Qxh7 bxc4 27. Qf5+ Qd7
28. Qxf6 cxb3 29. axb3 Rxe7 30. Rxe7 Nxe7 31. Qxa6+ Kd8 32. Qa8+ Nc8 33. Bg5+
Ke8 34. Qe4+ Kf8 35. Bh6+ Kg8 36. Qg6+ Kh8 37. Qf6+ Kg8 38. Qf8+ Kh7 39. Bd2
Nd6 40. Qh6+ Kg8 41. Qg6+ Kh8 42. Qxh5+ Kg8 43. Qd5+ Kh8 44. Bf4 1-0

[Event "Russian Championship B11 1st league 2016"]
[Site "Loo"]
[Date "2016.04.26"]
[Round "7.17"]
[White "Rychikhin, Vladislav"]
[Black "Kochetov, Vyacheslav"]
[Result "1/2-1/2"]
[WhiteElo "1406"]
[BlackElo "1583"]
[PlyCount "83"]
[EventDate "2016.04.20"]

1. d4 d5 2. Bf4 Nf6 3. Nf3 e6 4. e3 c5 5. Nbd2 Be7 6. dxc5 Bxc5 7. Be2 O-O 8.
O-O Nc6 9. Nb3 Bb6 10. c4 Qe7 11. Rc1 Rd8 12. c5 Bc7 13. Bxc7 Qxc7 14. Qc2 Ne4
15. a3 Bd7 16. Rfd1 Rac8 17. Bd3 Nf6 18. Nbd4 a6 19. b4 Nxd4 20. exd4 Bb5 21.
Ne5 Bxd3 22. Qxd3 Nd7 23. Nxd7 Qxd7 24. Rc3 Rc7 25. Qg3 Rdc8 26. Qe5 f6 27. Qe3
Re8 28. Re1 Re7 29. Qg3 Rc6 30. Rf3 Rf7 31. h3 Qd8 32. Qg4 Qd7 33. Rfe3 Re7 34.
R3e2 Qc8 35. Qg3 Qd7 36. Qb8+ Re8 37. Qg3 Re7 38. Re3 Qc8 39. Rf3 Rf7 40. Qg4
Qc7 41. Rfe3 Re7 42. Qg3 1/2-1/2

[Event "Russian Championship B11 1st league 2016"]
[Site "Loo"]
[Date "2016.04.26"]
[Round "7.18"]
[White "Godzhurov, Lidzhi"]
[Black "Belov, Danila"]
[Result "0-1"]
[WhiteElo "1368"]
[BlackElo "1557"]
[PlyCount "84"]
[EventDate "2016.04.20"]

1. e4 d5 2. exd5 Qxd5 3. Nc3 Qd8 4. d4 Nf6 5. Nf3 Bg4 6. Be2 e6 7. O-O c6 8.
Be3 Bd6 9. Ne5 Bxe2 10. Qxe2 Nbd7 11. f4 O-O 12. Rf3 Nd5 13. Nxd5 cxd5 14. Rh3
Nf6 15. g4 Bxe5 16. fxe5 Ne4 17. Kh1 Rc8 18. Rg1 f6 19. g5 fxg5 20. Qh5 h6 21.
Qg6 Qe8 22. Rxh6 Qxg6 23. Rxg6 Kf7 24. R6xg5 Nxg5 25. Rxg5 Rxc2 26. Rg2 Rxg2
27. Kxg2 Rc8 28. Kg3 Rc2 29. h4 Rxb2 30. a3 Rb3 31. Kf4 Rxa3 32. Bc1 Rd3 33.
Bb2 a5 34. h5 b5 35. Kg5 b4 36. h6 gxh6+ 37. Kxh6 Rg3 38. Kh5 a4 39. Kh4 Rg2
40. Ba1 b3 41. Bc3 b2 42. Bxb2 Rxb2 0-1

[Event "Russian Championship B11 1st league 2016"]
[Site "Loo"]
[Date "2016.04.26"]
[Round "7.19"]
[White "Shirkunov, Alexander"]
[Black "Maxin, Vladimir"]
[Result "1-0"]
[WhiteElo "1556"]
[BlackElo "1203"]
[PlyCount "95"]
[EventDate "2016.04.20"]

1. d4 c5 2. d5 Nf6 3. Nc3 d6 4. e4 e5 5. Nf3 Bg4 6. Be2 Be7 7. h3 Bh5 8. Nd2
Bg6 9. O-O O-O 10. Bf3 Nbd7 11. Nc4 a6 12. a4 b5 13. Nd2 Qa5 14. axb5 Qb6 15.
Nc4 Qb7 16. bxa6 Rxa6 17. Rxa6 Qxa6 18. Qe2 Nb6 19. Nxb6 Qxb6 20. Re1 Nd7 21.
Qb5 Qxb5 22. Nxb5 Rb8 23. c4 Nb6 24. b3 Ra8 25. Bb2 Ra2 26. Rb1 f5 27. Nc3 Ra8
28. exf5 Bxf5 29. Be4 Rf8 30. Bxf5 Rxf5 31. Ne4 Rf4 32. f3 g5 33. Kf2 h5 34.
Bc1 Rf8 35. Nxg5 Rb8 36. Ra1 Kg7 37. Ne6+ Kf7 38. g4 hxg4 39. fxg4 Nd7 40. Ra7
Nf8 41. Bg5 Ng6 42. Bxe7 Nxe7 43. Nxc5 dxc5 44. d6 Ke6 45. dxe7 Re8 46. Ke3 Rh8
47. Ke4 Rf8 48. exf8=N+ 1-0

[Event "Russian Championship B11 1st league 2016"]
[Site "Loo"]
[Date "2016.04.26"]
[Round "7.20"]
[White "Astrakhanskiy, Andrey"]
[Black "Leukhin, Artem"]
[Result "0-1"]
[WhiteElo "1300"]
[BlackElo "1503"]
[PlyCount "98"]
[EventDate "2016.04.20"]

1. e4 e6 2. d4 d5 3. exd5 exd5 4. Nf3 Nf6 5. Bd3 c5 6. O-O c4 7. Be2 Bd6 8. Nc3
O-O 9. Bg5 Be6 10. Ne5 h6 11. Bh4 Nc6 12. Nxc6 bxc6 13. f4 Be7 14. Rf3 Qc7 15.
b3 cxb3 16. axb3 Bg4 17. Rf1 Bxe2 18. Qxe2 Rfe8 19. Qd3 Ng4 20. Bxe7 Rxe7 21.
h3 Nf6 22. Qg3 Rae8 23. Rf3 Ne4 24. Nxe4 dxe4 25. Re3 Qd6 26. Rd1 f5 27. c3 Rd7
28. b4 Rc8 29. Ra1 Rf7 30. Qf2 Ra8 31. Kh2 Qc7 32. g3 a5 33. bxa5 Rxa5 34. Rxa5
Qxa5 35. g4 Qd5 36. Qg2 Re7 37. gxf5 Qxf5 38. Qg4 g6 39. Qxf5 gxf5 40. h4 Rg7
41. Rg3 Rxg3 42. Kxg3 h5 43. Kf2 Kf7 44. Ke2 Ke6 45. Kd2 Kd5 46. Kc2 Kc4 47.
Kb2 Kd3 48. c4 Kxc4 49. d5 cxd5 0-1

[Event "Russian Championship B11 1st league 2016"]
[Site "Loo"]
[Date "2016.04.26"]
[Round "7.21"]
[White "Rakitin, Daniil"]
[Black "Zhelanov, Semen"]
[Result "1-0"]
[WhiteElo "1498"]
[BlackElo "1275"]
[PlyCount "95"]
[EventDate "2016.04.20"]

1. e4 Nf6 2. e5 Nd5 3. Bc4 Nb6 4. Bb3 d6 5. exd6 cxd6 6. Nf3 g6 7. d4 Bg7 8. c3
Nc6 9. Ng5 O-O 10. Bxf7+ Rxf7 11. Nxf7 Kxf7 12. Qf3+ Kg8 13. Nd2 Bf5 14. O-O
Qd7 15. h3 Rf8 16. Qd1 Bd3 17. Re1 e5 18. dxe5 Nxe5 19. Ne4 Qf5 20. f3 d5 21.
Ng3 Qd7 22. f4 Qf7 23. Nh1 Qc7 24. g3 Nbc4 25. fxe5 Qc5+ 26. Kg2 Be4+ 27. Rxe4
dxe4 28. Qd4 Qxd4 29. cxd4 e3 30. b3 e2 31. Bf4 Na3 32. Re1 Nc2 33. Rxe2 Nxd4
34. Rd2 Ne6 35. Rf2 g5 36. Be3 Rxf2+ 37. Nxf2 Bxe5 38. Bxa7 h6 39. Ne4 Kg7 40.
Nc5 Nxc5 41. Bxc5 Bb2 42. a4 Bc3 43. Kf3 Kg6 44. g4 Bd2 45. b4 Bc3 46. Ke4 h5
47. a5 hxg4 48. hxg4 1-0

[Event "Russian Championship B11 1st league 2016"]
[Site "Loo"]
[Date "2016.04.26"]
[Round "7.26"]
[White "Demekhin, Maxim"]
[Black "Volovich, Evgeny"]
[Result "1-0"]
[WhiteElo "1334"]
[BlackElo "1551"]
[PlyCount "45"]
[EventDate "2016.04.20"]

1. d4 d5 2. c4 e6 3. Nc3 Nf6 4. cxd5 exd5 5. Bg5 Bb4 6. Qb3 Bxc3+ 7. bxc3 c6 8.
e3 Nbd7 9. Bd3 O-O 10. Nf3 Qc7 11. O-O b5 12. a4 bxa4 13. Rxa4 c5 14. Bf4 Qc6
15. Qb5 Qxb5 16. Bxb5 Nb6 17. Ra2 c4 18. Bc6 Rb8 19. Bxb8 Bf5 20. Bxa7 Nc8 21.
Bc5 Rd8 22. Ra8 Ne4 23. Be7 1-0

[Event "Russian Championship B11 1st league 2016"]
[Site "Loo"]
[Date "2016.04.26"]
[Round "7.27"]
[White "Labutin, Matvey"]
[Black "Shinkarev, Artem"]
[Result "1-0"]
[WhiteElo "1533"]
[BlackElo "1329"]
[PlyCount "107"]
[EventDate "2016.04.20"]

1. e4 c6 2. d4 d5 3. exd5 cxd5 4. Bd3 Nc6 5. c3 Qc7 6. Ne2 Bg4 7. h3 Bxe2 8.
Qxe2 e6 9. Be3 Nf6 10. Nd2 Bd6 11. g3 O-O 12. O-O e5 13. dxe5 Nxe5 14. Bc2 b6
15. Bd4 Rfe8 16. Qd1 Bc5 17. Bxc5 bxc5 18. Nf3 Nxf3+ 19. Qxf3 Rad8 20. Rfe1 Re5
21. Kg2 c4 22. Qf4 Nd7 23. Rxe5 Qxe5 24. Bxh7+ Kf8 25. Qxe5 Nxe5 26. f4 Nd3 27.
Bxd3 cxd3 28. Kf2 Re8 29. Re1 Re4 30. Re3 d2 31. Rd3 Re1 32. Rxd2 Rh1 33. Kg2
Ra1 34. Rxd5 Rxa2 35. Rd2 a5 36. Kf3 a4 37. Ke3 a3 38. bxa3 Rxa3 39. Kd4 Ra6
40. c4 Ra8 41. c5 f6 42. Rc2 Ke7 43. Rc3 Kd7 44. Kd5 Re8 45. c6+ Kc7 46. Ra3
Rd8+ 47. Kc5 Rd2 48. Ra7+ Kc8 49. Rxg7 Rc2+ 50. Kd6 Rd2+ 51. Ke6 Rh2 52. h4
Re2+ 53. Kxf6 Rc2 54. c7 1-0

[Event "Russian Championship B11 1st league 2016"]
[Site "Loo"]
[Date "2016.04.26"]
[Round "7.28"]
[White "Smirnov, Ilja"]
[Black "Dunaev, Artem"]
[Result "1-0"]
[WhiteElo "1506"]
[BlackElo "1299"]
[PlyCount "53"]
[EventDate "2016.04.20"]

1. e4 c5 2. Nf3 d6 3. d4 cxd4 4. Nxd4 Nf6 5. Nc3 a6 6. Be2 e6 7. Be3 Be7 8. O-O
O-O 9. f4 Qc7 10. Qe1 Bd7 11. Qg3 Nc6 12. f5 Kh8 13. Nxc6 Bxc6 14. Rf4 e5 15.
Rh4 Nxe4 16. Nxe4 Bxh4 17. Qxh4 f6 18. Rf1 Bd5 19. Rf3 Bg8 20. Rh3 d5 21. Bh5
dxe4 22. Bg6 h6 23. Bxh6 gxh6 24. Qxh6+ Bh7 25. Bxh7 Qb6+ 26. Kh1 Rf7 27. Bg8+
1-0

[Event "Russian Championship B11 1st league 2016"]
[Site "Loo"]
[Date "2016.04.26"]
[Round "7.29"]
[White "Sokolov, Egor"]
[Black "Fadeev, Aleksei"]
[Result "0-1"]
[WhiteElo "1317"]
[BlackElo "1492"]
[PlyCount "95"]
[EventDate "2016.04.20"]

1. e4 e5 2. Nf3 Nc6 3. Nc3 Nf6 4. Bb5 Bb4 5. d3 d6 6. O-O Bg4 7. Bg5 h6 8. Bh4
a6 9. Bxc6+ bxc6 10. a3 Ba5 11. b4 Bb6 12. h3 Bh5 13. g4 Bg6 14. Nd2 Bd4 15.
Ndb1 h5 16. g5 Nh7 17. Qd2 Qd7 18. Kg2 f5 19. f3 f4 20. Kh2 O-O 21. Qg2 Rae8
22. Ra2 Kh8 23. Ne2 Bf7 24. c4 g6 25. Nxd4 exd4 26. Bf2 c5 27. bxc5 dxc5 28.
Nd2 Re5 29. h4 Be6 30. Rb1 Qa4 31. Rb7 Rc8 32. Kh1 Nf8 33. Qh2 Qd1+ 34. Bg1 Nd7
35. Qxf4 Rf8 36. Qh2 Rxf3 37. Nxf3 Qxf3+ 38. Qg2 Qxd3 39. Qe2 Qg3 40. Qf2 Qh3+
41. Bh2 Rxe4 42. Rxc7 Bxc4 43. Rxd7 Qxd7 44. Qf8+ Bg8 45. Qxc5 Bxa2 46. Qf8+
Bg8 47. Qf6+ Qg7 48. Qf3 0-1

[Event "Russian Championship B11 1st league 2016"]
[Site "Loo"]
[Date "2016.04.26"]
[Round "7.31"]
[White "Etuka, Alexander"]
[Black "Lazarev, Ivan"]
[Result "0-1"]
[WhiteElo "1459"]
[BlackElo "1162"]
[PlyCount "120"]
[EventDate "2016.04.20"]

1. e4 c5 2. Nf3 g6 3. d4 cxd4 4. Nxd4 Nc6 5. Be3 Bg7 6. Nc3 Nf6 7. f3 Qa5 8.
Nb3 Qc7 9. Qd2 d6 10. Bc4 O-O 11. O-O Bd7 12. Kh1 Rac8 13. Bh6 Ne5 14. Be2 Qb6
15. Bxg7 Kxg7 16. a3 Rc7 17. f4 Nc4 18. Qc1 Qe3 19. Qxe3 Nxe3 20. Rf3 Nc4 21.
Bxc4 Rxc4 22. Re1 Rfc8 23. e5 dxe5 24. Rxe5 e6 25. h3 Nh5 26. Na5 Rd4 27. Rd3
Rxd3 28. cxd3 Nxf4 29. d4 b6 30. Nb3 Nd3 31. Re3 Nxb2 32. Rg3 Nc4 33. Ne4 Bc6
34. Ng5 h6 35. Nf3 Bxf3 36. Rxf3 Nxa3 37. Nd2 Nc4 38. Rc3 Nd6 39. Ra3 Rc7 40.
Ra6 Nc4 41. Nxc4 Rxc4 42. Rxa7 Rxd4 43. Rb7 Rb4 44. Kg1 Rb1+ 45. Kf2 Kf6 46.
Ke3 g5 47. Rb8 h5 48. Ke4 h4 49. Rb7 b5 50. Kd4 b4 51. Kc4 b3 52. Kc3 Kg6 53.
Rb5 f6 54. Kd3 e5 55. Rb6 Kf5 56. Rb4 Rb2 57. Ke3 Rb1 58. Kd3 Rb2 59. Kc4 Rxg2
60. Rxb3 Rg3 0-1

[Event "Russian Championship B11 1st league 2016"]
[Site "Loo"]
[Date "2016.04.26"]
[Round "7.32"]
[White "Gorkov, Mikhail"]
[Black "Shelukhin, Ilya"]
[Result "1-0"]
[WhiteElo "1433"]
[BlackElo "1241"]
[PlyCount "47"]
[EventDate "2016.04.20"]

1. e4 c5 2. Nc3 Nc6 3. f4 g6 4. g3 Bg7 5. Bg2 d6 6. d3 e6 7. Nf3 Nge7 8. O-O
O-O 9. h3 Rb8 10. a4 a6 11. g4 b5 12. axb5 axb5 13. Qe1 b4 14. Ne2 Qc7 15. Qh4
Bd7 16. Ng3 Ra8 17. Rb1 Rfb8 18. f5 exf5 19. gxf5 gxf5 20. Nh5 Ng6 21. Nf6+
Bxf6 22. Qxf6 fxe4 23. Bh6 Qd8 24. Qg7# 1-0

[Event "Russian Championship B11 1st league 2016"]
[Site "Loo"]
[Date "2016.04.26"]
[Round "7.34"]
[White "Badazhkov, Egor"]
[Black "Azizyan, Levon"]
[Result "1-0"]
[WhiteElo "1268"]
[BlackElo "1402"]
[PlyCount "95"]
[EventDate "2016.04.20"]

1. e4 e5 2. Nf3 Nc6 3. Bb5 Bc5 4. O-O Nge7 5. Re1 d6 6. h3 O-O 7. c3 a6 8. Ba4
b5 9. Bc2 Bb7 10. d4 Ba7 11. Bg5 f6 12. Be3 Nb8 13. Nh2 Ng6 14. Qg4 Nc6 15. Nf3
Nce7 16. h4 Bc8 17. Qg3 f5 18. exf5 Bxf5 19. Bb3+ Kh8 20. dxe5 Bxb1 21. Bxa7
Bxa2 22. Bxa2 Rxa7 23. Ng5 Nf5 24. Qh2 Qd7 25. Qh3 Nxe5 26. Be6 Qe7 27. Bxf5
Qf6 28. Nxh7 Qxf5 29. Nxf8 Qxf8 30. Qe3 Ra8 31. Ra2 Qf7 32. Rea1 Nc4 33. Qf3
Qxf3 34. gxf3 a5 35. b3 Ne5 36. Rxa5 Nxf3+ 37. Kh1 Rb8 38. Ra8 Rxa8 39. Rxa8+
Kh7 40. Rc8 c5 41. Rc6 Nxh4 42. Rxd6 Ng6 43. Rd5 Nf4 44. Rxc5 Ne2 45. Kg2 Nf4+
46. Kf3 Nd3 47. Rxb5 Kg6 48. Ke3 1-0

[Event "Russian Championship B11 1st league 2016"]
[Site "Loo"]
[Date "2016.04.26"]
[Round "7.35"]
[White "Razhbadinov, Rasul"]
[Black "Kuzminykh, Nikita"]
[Result "0-1"]
[WhiteElo "1224"]
[BlackElo "1388"]
[PlyCount "56"]
[EventDate "2016.04.20"]

1. e4 e5 2. Nf3 Nc6 3. Bc4 Nf6 4. Ng5 d5 5. exd5 b5 6. Bf1 Nd4 7. c3 Nxd5 8.
Nxf7 Kxf7 9. cxd4 exd4 10. Qf3+ Nf6 11. Bxb5 Be6 12. O-O Bd5 13. Qd3 Bc5 14. b4
Bb6 15. f3 c6 16. Bc4 Bc7 17. Bb2 Qd6 18. f4 Qxb4 19. Bxd5+ Nxd5 20. Bxd4 Rhd8
21. Qf5+ Kg8 22. Qe6+ Kh8 23. Be3 Nxe3 24. Qxe3 Bb6 25. Qxb6 Qxb6+ 26. Kh1 Qb2
27. Nc3 Rxd2 28. Na4 Qc2 0-1

[Event "Russian Championship B11 1st league 2016"]
[Site "Loo"]
[Date "2016.04.26"]
[Round "7.40"]
[White "Zhosan, Iannis"]
[Black "Gukhman, Sergey"]
[Result "0-1"]
[WhiteElo "1105"]
[BlackElo "1669"]
[PlyCount "70"]
[EventDate "2016.04.20"]

1. e4 e6 2. d3 d5 3. Nd2 c5 4. Ngf3 Nc6 5. g3 Nf6 6. Bg2 Be7 7. O-O b6 8. Re1
Bb7 9. Nf1 dxe4 10. dxe4 Qxd1 11. Rxd1 Nxe4 12. Re1 Nd6 13. Bf4 O-O 14. Rad1
Rfd8 15. Bxd6 Bxd6 16. Ne3 Bc7 17. Nc4 Ne7 18. Nce5 Ng6 19. Nxg6 hxg6 20. Ne5
Bxg2 21. Rxd8+ Rxd8 22. Kxg2 Bxe5 23. Rxe5 Rd2 24. Re3 Rxc2 25. Rb3 Kf8 26. Ra3
Rxb2 27. Rxa7 c4 28. Rc7 b5 29. Rc5 Ke7 30. a4 Kd6 31. Rxb5 Rxb5 32. axb5 c3
33. b6 c2 34. b7 Kc7 35. Kf3 c1=Q 0-1

[Event "Russian Championship B11 2016"]
[Site "Loo"]
[Date "2016.04.26"]
[Round "7.1"]
[White "Maneluk, Daniil"]
[Black "Ponomarev, Grigori"]
[Result "1-0"]
[WhiteElo "1801"]
[BlackElo "1940"]
[PlyCount "139"]
[EventDate "2016.04.20"]

1. e4 c5 2. Nf3 Nc6 3. d4 cxd4 4. Nxd4 Nf6 5. Nc3 e5 6. Ndb5 d6 7. Bg5 a6 8.
Na3 b5 9. Nd5 Be7 10. Bxf6 Bxf6 11. c3 O-O 12. Nc2 Rb8 13. b4 Be6 14. Nce3 Bg5
15. Bd3 Ne7 16. Nxe7+ Qxe7 17. O-O Rbc8 18. Qd2 Rfd8 19. a4 Qc7 20. axb5 Qxc3
21. Qxc3 Rxc3 22. Rfd1 axb5 23. Bxb5 Rb3 24. Rab1 g6 25. Bc4 Rxb1 26. Rxb1 Bxe3
27. Bxe6 Bxf2+ 28. Kxf2 fxe6 29. Ke3 d5 30. exd5 exd5 31. Kd3 Kf7 32. Ra1 Ke7
33. Ra7+ Rd7 34. Ra5 Kd6 35. Ra6+ Kc7 36. Re6 e4+ 37. Kd4 Rd6 38. Re7+ Kc6 39.
Rxh7 Re6 40. b5+ Kxb5 41. Kxd5 Re8 42. Rb7+ Ka4 43. Rb1 e3 44. Kc4 Ka5 45. Kd3
g5 46. Re1 g4 47. Rxe3 Rh8 48. Rg3 Rh4 49. Ke4 Kb6 50. Kf5 Kc7 51. Rxg4 Rxh2
52. Rc4+ Kd7 53. g4 Ke7 54. Kg6 Kf8 55. g5 Rg2 56. Rc8+ Ke7 57. Rg8 Rg1 58. Kh7
Ke6 59. g6 Rh1+ 60. Kg7 Ke7 61. Ra8 Rh2 62. Kg8 Rh1 63. g7 Rh4 64. Ra1 Rg4 65.
Re1+ Kd7 66. Kf7 Rf4+ 67. Kg6 Rf2 68. Rg1 Rd2 69. g8=Q Rd6+ 70. Kf5 1-0

[Event "Russian Championship B11 2016"]
[Site "Loo"]
[Date "2016.04.26"]
[Round "7.2"]
[White "Murzin, Volodar"]
[Black "Krivenko, Dmitry"]
[Result "1-0"]
[WhiteElo "2170"]
[BlackElo "1536"]
[PlyCount "75"]
[EventDate "2016.04.20"]

1. e4 d5 2. exd5 Nf6 3. Nf3 Nxd5 4. d4 g6 5. c4 Nb6 6. c5 Nd5 7. Nc3 Bg7 8. Bc4
c6 9. O-O Be6 10. Qb3 Nxc3 11. bxc3 Bxc4 12. Qxc4 O-O 13. Re1 b6 14. Bg5 Re8
15. Rad1 h6 16. Bh4 g5 17. Bg3 Qd5 18. Qb4 Nd7 19. c4 Qf5 20. cxb6 axb6 21.
Rxe7 Rxe7 22. Qxe7 Rxa2 23. Qe8+ Kh7 24. h3 Qe6 25. Qd8 Bf6 26. Qc7 Nf8 27. d5
cxd5 28. cxd5 Qd7 29. Qxb6 Bg7 30. Qb1+ Ng6 31. Qxa2 g4 32. hxg4 Qxg4 33. d6
Ne5 34. Bxe5 Bxe5 35. Qxf7+ Bg7 36. d7 Qa4 37. d8=Q Qc2 38. Qdg8# 1-0